00367nam a2200133Ia 4500008004100000041000800041082002700049100001600076245005100092260005000143300000800193365001600201710001600217230312s9999 xx 000 0 und d aeng a005.4'53b005.4'53 LOU aLouden K.C. aCompiler ConstructionbPrinciples And Practice bThomson Brooks /Cole (Vikas Publishing House) a582 cRs.b350.00 aLouden K.C.